| 000 | 00773cam a2200253 4500 | ||
|---|---|---|---|
| 001 | M1469 | ||
| 008 | 090401t1994 xxu||||| |||| 00| 0 eng d | ||
| 035 | _a(Sirsi) u32234 | ||
| 041 | _aeng | ||
| 050 | _a333.0062 | ||
| 090 | _aRICS 1994/2ABCD | ||
| 110 |
_aEuropean Society of Chartered Surveyors _92629 |
||
| 245 | _aEuropean Society of Chartered Surveyors (promotional leaflet). | ||
| 260 |
_aLondon _bRICS _c1994 |
||
| 300 | _a1 folded sheet (6p.) ; 21cm. | ||
| 350 | _a0 | ||
| 520 | _aAn organisation representing chartered surveyors throughout the European Union. Text in English and French. | ||
| 650 | _aABOUT RICS-RICS MEMBERS | ||
| 650 | _aEUROPE | ||
| 650 | _aEUROPEAN UNION | ||
| 690 | _aEUROPE-SINGLE MARKET | ||
| 942 | _n0 | ||
| 948 | _c04/03/1997 | ||
| 999 |
_c89696 _d89696 |
||